Word Ladder: Guitar Great Quiz Stats

Quiz Updated Dec 27, 2017

Challenge
Share
Tweet
Embed
Score 0/39 Timer 04:00
1 Play Today
Clue 4-Letter Word % Correct
* Create applause *♫ CLAP ♫
96.8%
To smileGRIN
95.7%
Bleak, like a certain ReaperGRIM
95.3%
1 is roughly 0.035 ouncesGRAM
93.2%
ExamTEST
92.2%
* Opposite of fast *♫ SLOW ♫
91.7%
A ray of lightBEAM
89.5%
HappyGLAD
89.5%
Throw lightlyTOSS
89.3%
Place for a coin at a casinoSLOT
89.3%
Edge of two pieces of fabricSEAM
89.1%
It can precede stick, shot and happySLAP
88.9%
Wrapped in clothingCLAD
88.7%
Chair, e.g.SEAT
88.5%
Irish phrase: '____ go Bragh'ERIN
88.5%
Like early David BowieGLAM
88.4%
* Bana, McCormack, or Cartman *♫ ERIC ♫
87.9%
Suckling siteTEAT
86.8%
Do this to put candles outBLOW
86.7%
A good result in bridgeSLAM
84.1%
Clue 4-Letter Word % Correct
Part of a back of a chairSLAT
83.8%
Shady side tree growthMOSS
82.7%
It's sturdier than a shoeBOOT
82.7%
Harry Truman's wifeBESS
82.2%
A dark stain or markBLOT
82.1%
Toes, sole and heelFOOT
82%
* Palm, fingers and thumb *♫ HAND ♫
81.7%
A disasterMESS
80.6%
Key ingredient in most borschtBEET
80.1%
What an apiary containsBEES
79%
Like the poetry of Allen GinsbergBEAT
77.9%
Papyrus or Comic Sans, e.g.FONT
76.3%
Having a liking forFOND
74.6%
To discover or perceive somethingFIND
73%
Forming the back part of somethingHIND
69.4%
* A lot *♫ TONS ♫
67.5%
John of 'Entertainment Tonight'TESH
63.1%
Mars' Olympus ___MONS
61.7%
Peter the reggae musicianTOSH
60.9%

Today's Daily Dose

Missing Word
Law Misconceptions

Word Ladder
Easy Math

On This Day
January 20th

You're not logged in!

Compare scores with friends on all Sporcle quizzes.
Sign Up with Email
OR
Log In

You Might Also Like...

Show Comments

Extras

Top Quizzes Today


Score Distribution

Your Account Isn't Verified!

In order to create a playlist on Sporcle, you need to verify the email address you used during registration. Go to your Sporcle Settings to finish the process.